| 000 | 00491nam a2200181Ia 4500 | ||
|---|---|---|---|
| 005 | 20250326124011.0 | ||
| 008 | 250326s9999 xx 000 0 und d | ||
| 037 | _aTextbook | ||
| 040 |
_aFMSL _beng _cFMSL |
||
| 041 |
_aeng _2eng |
||
| 084 |
_aX K6 _qFMSL |
||
| 100 | _aLipsey R G | ||
| 245 | 0 |
_aInteroduction to positive economics _cLipsey R G |
|
| 260 |
_aLondon _bLondon, Weidenfeld and Nicolson _c1966 |
||
| 300 | _a872p | ||
| 942 |
_cTB _hX K6 |
||
| 999 |
_c1271832 _d1271832 |
||